Statistics for Type Chad Ten Times in Fifteen Seconds

Click here to take the quiz!

General Stats

  • This quiz has been taken 41 times
  • The average score is 35 of 40

Answer Stats

Chad% Correct
A
100%
A
100%
A
100%
C
100%
C
100%
C
100%
D
100%
D
100%
D
100%
H
100%
H
100%
H
100%
A
97%
A
97%
C
97%
C
97%
C
97%
D
97%
D
97%
H
97%
H
97%
A
91%
H
91%
C
88%
D
88%
H
84%
A
81%
A
81%
C
81%
D
81%
H
81%
C
78%
D
78%
H
72%
A
69%
A
66%
C
66%
D
66%
D
66%
H
66%

Score Distribution

Percentile by Number Answered

Percent of People with Each Score

Your Score History

You have not taken this quiz